| 000 | 01076nam a2200241 a 4500 | ||
|---|---|---|---|
| 001 | BRCA_8964 | ||
| 005 | 20190320210456.0 | ||
| 008 | 050717s1765----sp-#######---#000-0#spa-# | ||
| 041 | _aspa | ||
| 044 | _asp | ||
| 084 |
_aBE119 _p.F45 1765 |
||
| 100 | 1 |
_aFeijóo y Montenegro, Benito Geronimo _d1676 - 1764 _922266 |
|
| 245 | 1 | 0 |
_aTheatro critico universal, o discursos varios en todo genero de materias, para desengaño de errores comunes _cescrito por el M.I.S. D. Fr. Benito Geronimo Feyjoo y Montenegro... |
| 260 |
_aMadrid _ben la Imprenta de D. Gabriel Ramirez _c1765 |
||
| 300 |
_a502 p. (t.5) _c20.7 x 15.5 cm |
||
| 500 | _aCon las licencias necesarias | ||
| 500 | _aEn portada: Nueva impresión, en la qual van puestas las Adiciones del Suplemento en sus lugares | ||
| 500 | _aEn portada: A costa de la Compañía de Impresores, y Libreros del Reyno | ||
| 500 | _aEstado físico: presenta encuadernación en pergamino con presencia del pez de plata, cantos decorados y carece de cintas | ||
| 650 | 1 | 4 |
_aDrama español _921674 |
| 902 | _aCFM | ||
| 942 |
_2lcc _cB |
||
| 999 |
_c8615 _d8615 |
||